| 000 | 00505nam a2200193Ia 4500 | ||
|---|---|---|---|
| 005 | 20250508162047.0 | ||
| 008 | 008 250505s9999 xx 000 0 eng d | ||
| 020 | _a0-416-85820-1 | ||
| 037 | _aTextual | ||
| 040 |
_aFEDL _beng _cFEDL |
||
| 041 |
_aeng _2eng |
||
| 084 |
_a371, KOH _qFEDL |
||
| 100 |
_aKohl Herbert R _9771937 |
||
| 245 | 0 | _aOn teaching | |
| 260 |
_aLondon, UK _bMethuen and Co. Ltd. _c1976 |
||
| 300 | _a185p. | ||
| 942 |
_cTEXL _h371, KOH |
||
| 999 |
_c1374127 _d1374127 |
||